Culture Générale - Série 2396 - Statistiques

Statistiques générales
  • Ce quiz a été pris 139 fois
  • Le résultat moyen est 6 sur 10
Statistiques - réponses
Question Réponse % Correct
Lorsqu’un individu est un peu rustre, voire grossier, on dit qu’il s’agit d’un… mal léché ours
83%
Lorsque l'on a une très forte fièvre , on peut dire que l’on a une fièvre de .... cheval
77%
Dans quel sport Suzanne Lenglen s'est-elle illustrée ? tennis
77%
Avant Sainte-Hélène sur quelle île Napoléon Bonaparte a-t-il été exilé ? Elbe
74%
Complétez ce proverbe : "Qui veut noyer son chien l'accuse de la ... rage
68%
Lors de quelle bataille célèbre Napoléon Bonaparte a-t-il été vaincu par l'amiral Nelson et la flotte anglaise ? Trafalgar
66%
Quelle était la nationalité de la peintre Frida Khalo ? mexicaine
65%
On dit d'une jeune fille naïve que c'est une ... blanche oie
52%
Dans quelle ville Soeur Emmanuelle est-elle venue en aide aux enfants démunis ? voir drapeau du pays Le Caire
51%
Avec quelle actrice célèbre le site Leboncoin a-t-il fêté ses 15 ans avec un clip ? prénom et nom Catherine Deneuve
31%
Aucun quiz correspondant
Distribution des résultats
% des personnes avec chaque résultat
Percentile par nombre de réponses
Votre historique - résultats
Vous n’avez pas pris ce quiz